Вторичные изменения коллекторов в процессе формирования и разрушения нефтяных залежей

Opis bibliograficzny
1. autor: Сахибгареев Р. С. Риф Саитович
Język:rosyjski
Wydane: Ленинград, Недра, 1989
Hasła przedmiotowe:
Format: Książka
KOHA link:https://koha.lib.tpu.ru/cgi-bin/koha/opac-detail.pl?biblionumber=57631

MARC

LEADER 00000nam0a2200000 4500
001 57631
005 20231031054355.0
010 |a 5247006763 
035 |a (RuTPU)RU\TPU\book\60844 
090 |a 57631 
100 |a 20031112d1989 k y0rusy5003 ca 
101 0 |a rus 
102 |a RU 
105 |a a z 001zy 
200 1 |a Вторичные изменения коллекторов в процессе формирования и разрушения нефтяных залежей  |f Р. С. Сахибгареев 
210 |a Ленинград  |c Недра  |c Ленингр. отд-ние  |d 1989 
215 |a 258,[2] с.  |c ил. 
320 |a Библиогр.: с. 256-259 (76 назв.) 
610 1 |a нефтяные пласты-коллекторы 
610 1 |a изучение 
675 |a 552.578.2.061.4 
700 1 |a Сахибгареев  |b Р. С.  |g Риф Саитович 
801 0 |a RU  |b RuMRKP  |c 19950417  |g psbo 
801 1 |a RU  |b 63413507  |c 20031112  |g PSBO 
801 2 |a RU  |b 63413507  |c 20061020  |g PSBO 
942 |c BK